Các văn bản pháp luật và thuế nông nghiệp

Salvato in:
Dettagli Bibliografici
Natura: Libro
Lingua:Undetermined
Pubblicazione: Hà Nội Pháp lý 1992
Soggetti:
Tags: Aggiungi Tag
Nessun Tag, puoi essere il primo ad aggiungerne! !
Thư viện lưu trữ: Trung tâm Học liệu Trường Đại học Cần Thơ
LEADER 00552nam a2200157Ia 4500
001 CTU_25985
008 210402s9999 xx 000 0 und d
082 |a 346.0437 
082 |b Th507 
245 0 |a Các văn bản pháp luật và thuế nông nghiệp 
260 |a Hà Nội 
260 |b Pháp lý 
260 |c 1992 
650 |a agriculture - taxation,civil rights,land reform - law and legislation,land tenure - law and legislation,private law 
904 |i Minh, 981003 
980 |a Trung tâm Học liệu Trường Đại học Cần Thơ